000 00752nam a2200205 a 4500
003 0
005 20250219122807.0
008 110617s19uu xx 00 eng d
050 _aPHS LB 1025.3
_b.J25 2011
100 _aJang, Joo Seuk.
245 _aPerception of high school students on the role of teachers in creating a positive classroom environment /
_cJang Joo Seuk.
260 _aLas PiƱas City, Philippines :
_bSouthville International School and Colleges,
_c2011.
300 _a22 pages :
_billustrations ;
_c28 cm.
504 _aIncludes bibliographical references.
650 _aClassroom environment.
650 _aTeachers
_xRole.
650 _aHigh school students
_xAttitudes.
650 _aClassroom management.
942 _2lcc
_cPASS
999 _c98505
_d98505